[Event "Katowice Silesia 100th Ann op"]
[Site "Katowice"]
[Date "2024.04.27"]
[Round "6"]
[White "Shynkarchuk, Maxim"]
[Black "Sieciechowicz, Marcin"]
[Result "0-1"]
[WhiteElo "2194"]
[BlackElo "2403"]
[PlyCount "118"]
[EventDate "2024.04.27"]
[EventType "swiss (rapid)"]
[EventRounds "11"]
[EventCountry "POL"]
[SourceTitle "CBM 220 Extra"]
[Source "ChessBase"]
[SourceDate "2024.07.31"]
[SourceVersion "1"]
[SourceVersionDate "2024.07.31"]
[SourceQuality "1"]

1. e4 e6 2. d4 d5 3. e5 c5 4. c3 Qb6 5. Nf3 Nc6 6. a3 c4 7. Nbd2 Na5 8. Rb1 Bd7 9. g3 Ne7 10. h4 h6 11. Bh3 0-0-0 12. 0-0 Qc7 13. Re1 Kb8 14. Nf1 Nb3 15. Be3 Ka8 16. N1d2 Nxd2 17. Nxd2 Nf5 18. Bf4 g5 19. Bxf5 gxf4 20. Bh3 fxg3 21. fxg3 f5 22. Nf1 Be7 23. Qf3 Rdf8 24. Qf2 f4 25. gxf4 Qd8 26. Re3 Bxh4 27. Ng3 Qe7 28. Kh2 Rhg8 29. Rf1 Rg6 30. Rf3 Rfg8 31. Rg1 a6 32. Qe3 Qd8 33. Rg2 Qb6 34. Qe2 R6g7 35. Qc2 Ka7 36. Qe2 Be8 37. f5 exf5 38. Bxf5 Bh5 39. Nxh5 Rxg2+ 40. Qxg2 Rxg2+ 41. Kxg2 Qxb2+ 42. Kh3 Bg5 43. Be6 Qe2 44. Bxd5 Be7 45. Ng3 Qb2 46. Rf7 Qxa3 47. Nf5 Qxc3+ 48. Kg4 h5+ 49. Kxh5 Qh3+ 50. Kg6 Qg4+ 51. Kh7 Qh5+ 52. Kg8 Qg4+ 53. Kh7 c3 54. Nxe7 c2 55. Nc8+ Kb8 56. Nb6 Qh5+ 57. Kg8 Qg6+ 58. Rg7 Qxb6 59. Rg1 Qxd4 0-1